| 000 | 00786nam a2200301Ia 4500 | ||
|---|---|---|---|
| 001 | 7403 | ||
| 005 | 20240113234013.0 | ||
| 007 | ta | ||
| 008 | 050705s1989 a g b000 u eng u | ||
| 020 | _a0-04-551106-3 | ||
| 040 | _aCotton College,Assam | ||
| 041 | _aeng | ||
| 082 |
_a551.4 _bFo 75 Ka |
||
| 100 | _aFord , Derek . | ||
| 245 | 0 |
_aKarst Geomorphology and Hydrology / _cDerek Ford & Paul Williams. _hTextual Documents |
|
| 250 | _a1st ed. / | ||
| 260 |
_aLondon : _bUnwin Hyman Ltd , _c1989. |
||
| 300 |
_axv, 601p. : _bill. ; _c23cm . |
||
| 504 | _aIndex | ||
| 653 | _aGeology | ||
| 653 | _aGeomorphology | ||
| 653 | _aPG-Geology | ||
| 653 | _aHydrology | ||
| 700 | _aWilliams, Paul . | ||
| 942 |
_2ddc _cBK |
||
| 999 |
_c7390 _d7390 |
||